000
00279nam a2200109 a 4500
005
20201002044920.0
008
140403s1971 000 spa d
100
_a
London, Jack
_9
44404
245
4
_a
Los vagabundos.
260
_a
Madrid -- Libra,
_c
1971 -- 188 p.
999
_c
43169
_d
43169
040
_a
DO-SdBNP